Novum Testamentum: Graece et Germanice : griechisch und deutsch ; der griechische Text mit abweichenden Lesarten aus Handschriften und Ausgaben, der deutsche nach der durchgesehenen Ausgabe von Luthers Übersetzung, verglichen mit Luthers letzter Ausgabe von 1545 = das Neue Testament

Saved in:  
Bibliographic Details
Subtitles:Das Neue Testament griechisch und deutsch
das Neue Testament
Contributors: Nestle, Eberhard 1851-1913 (Other) ; Luther, Martin 1483-1546 (Other)
Format: Print Book
Language:Ancient Greek
Subito Delivery Service: Order now.
Check availability: HBZ Gateway
WorldCat: WorldCat
Interlibrary Loan:Interlibrary Loan for the Fachinformationsdienste (Specialized Information Services in Germany)
Published: Stuttgart Priv. Württ. Bibel-Anst 1901
In:Year: 1901
Edition:2., neu bearb. Aufl
Sammlungen:

MARC

LEADER 00000cam a2200000 c 4500
001 30134115X
003 DE-627
005 20240924114714.0
007 tu
008 990819s1901 xx ||||| 00| ||grc c
035 |a (DE-627)30134115X 
035 |a (DE-576)9301341158 
035 |a (DE-599)GBV30134115X 
035 |a (OCoLC)247649261 
040 |a DE-627  |b ger  |c DE-627  |e rakwb 
041 |a grc  |k ger 
044 |c XA-DXDE 
084 |a 1  |2 ssgn 
245 0 0 |a Novum Testamentum  |b Graece et Germanice : griechisch und deutsch ; der griechische Text mit abweichenden Lesarten aus Handschriften und Ausgaben, der deutsche nach der durchgesehenen Ausgabe von Luthers Übersetzung, verglichen mit Luthers letzter Ausgabe von 1545 = das Neue Testament  |c hrsg. von Eberhard Nestle 
246 3 1 |a das Neue Testament 
246 3 0 |a Testamentum novum griech. dt. 
246 3 3 |a Das Neue Testament griechisch und deutsch 
250 |a 2., neu bearb. Aufl 
264 1 |a Stuttgart  |b Priv. Württ. Bibel-Anst  |c 1901 
300 |a XV S., 657 Doppels., VII, V S  |b Kt 
336 |a Text  |b txt  |2 rdacontent 
337 |a ohne Hilfsmittel zu benutzen  |b n  |2 rdamedia 
338 |a Band  |b nc  |2 rdacarrier 
601 |a Novum Testamentum Graece 
601 |a Griechisch 
601 |a Ausgabe 
601 |a Deutsche 
601 |a Ausgaben 
601 |a Übersetzung 
601 |a Testament 
700 1 |0 (DE-588)116942088  |0 (DE-627)134598830  |0 (DE-576)162361491  |4 oth  |a Nestle, Eberhard  |d 1851-1913 
700 1 |0 (DE-588)118575449  |0 (DE-627)133813363  |0 (DE-576)162061560  |4 oth  |a Luther, Martin  |d 1483-1546 
730 0 2 |a Testamentum novum 
889 |w (DE-627)590516094 
935 |a RFBW  |a mteo  |a FBGO 
951 |a BO 
ELC |b 1 
LOK |0 000 xxxxxcx a22 zn 4500 
LOK |0 001 4491366063 
LOK |0 003 DE-627 
LOK |0 004 30134115X 
LOK |0 005 20250127141230 
LOK |0 008 240226||||||||||||||||ger||||||| 
LOK |0 040   |a DE-Tue135  |c DE-627  |d DE-Tue135 
LOK |0 092   |o n 
LOK |0 852   |a DE-Tue135 
LOK |0 852 1  |9 00 
LOK |0 866   |x SPQUE#Reformationsgeschichtliche Forschungsbibliothek Wittenberg#SPSAM#Predigerseminar#SPUSM#Bestand(1952-2017) 
LOK |0 866   |x SPQUE#Forschungsbibliothek Gotha#SPSAM#Bestand Theologie (bis 2024-03) 
LOK |0 935   |a RFBW  |a bips  |a psnb  |a FBGO  |a goth 
LOK |0 939   |a 26-02-24  |b l01 
ORI |a SA-MARC-ixtheoa001.raw